Charakteristika ropného priemyslu Ruska a jeho postavenie vo svetovom obchode s ropou dizertačná práca

Gespeichert in:
Bibliographische Detailangaben
1. Verfasser: Koribský, Jaroslav
Körperschaft: Ekonomická univerzita v Bratislave. Obchodná fakulta
Weitere Verfasser: Lipková, Ľudmila
Format: Buch
Sprache:Slowakisch
Veröffentlicht: Bratislava 2001
Schlagworte:
Tags: Tag hinzufügen
Keine Tags, Fügen Sie das erste Tag hinzu!

MARC

LEADER 00000nbm a2200000 4500
001 0178965
005 20240104092514.2
041 0 |a slo 
044 |a SK 
245 1 0 |a Charakteristika ropného priemyslu Ruska a jeho postavenie vo svetovom obchode s ropou  |b dizertačná práca  |c Jaroslav Koribský ; školiteľ: Ľudmila Lipková 
264 1 |a Bratislava  |c 2001 
300 |a 216 s. 
610 2 0 |a ropa 
610 2 0 |a Rusko 
610 2 0 |a obchod svetový 
100 1 |a Koribský, Jaroslav 
700 1 |a Lipková, Ľudmila 
710 2 |a Ekonomická univerzita v Bratislave. Obchodná fakulta